Két tejtermelő családi vállalkozás működésének gazdasági megítélése különös tekintettel a takarmánygazdálkodásra

Elmentve itt :
Bibliográfiai részletek
Szerző: Polgár Ferenc
További közreműködők: Mónusné Goda Ágnes (Témavezető)
Juhász Lajos (Témavezető)
Dokumentumtípus: Szakdolgozat
Megjelent: 1997
Kulcsszavak:Vállalkozások
Tejtermelés
Takarmánygazdálkodás
Tárgyszavak:
Online Access:http://diploma.bibl.u-szeged.hu/100178
LEADER 00983nta a2200265 i 4500
001 dipl100178
005 20220104115646.0
008 211207s1997 hu om 0|| hun d
040 |a SZTE Diploma Repozitórium  |b hun 
041 |a hun 
100 1 |a Polgár Ferenc 
245 1 0 |a Két tejtermelő családi vállalkozás működésének gazdasági megítélése különös tekintettel a takarmánygazdálkodásra  |h [elektronikus dokumentum] /  |c Ferenc Polgár 
260 |c 1997 
300 |a 38 
650 4 |a Agrár 
650 4 |a Agricultural sciences 
650 4 |a Animal and Dairy science 
650 4 |a Animal and dairy science 
650 4 |a Agriculture related to animal husbandry, dairying, livestock raising 
695 |a Vállalkozások 
695 |a Tejtermelés 
695 |a Takarmánygazdálkodás 
700 0 2 |a Mónusné Goda Ágnes  |e ths 
700 0 2 |a Juhász Lajos  |e ths 
856 4 0 |u https://diploma.bibl.u-szeged.hu/id/eprint/100178/1/1997_polgar_ferenc.pdf  |z Dokumentum-elérés